<A> privatizációs kihivás Közép-Kelet-Európában

Saved in:
Bibliographic Details
Format: Book
Language:Hungarian
Published: Budapest MTA Világgazdasági Kutató Intézet 1990
Edition:1. kiadás.
Tags: Add Tag
No Tags, Be the first to tag this record!

MARC

LEADER 00000nam a2200000 4500
001 c021978
005 20221215130021.0
041 0 |a hun 
044 |a HU 
245 1 0 |a <A> privatizációs kihivás Közép-Kelet-Európában 
250 |a 1. kiadás. 
264 1 |a Budapest  |b MTA Világgazdasági Kutató Intézet  |c 1990 
300 |a 148 s.